[Event "SRB-chT 2nd League"]
[Site "Vrnjacka Banja"]
[Date "2022.11.08"]
[Round "7.2"]
[White "Krejic, Igor"]
[Black "Gavric, Zivojin"]
[Result "1/2-1/2"]
[WhiteElo "2171"]
[BlackElo "2055"]
[PlyCount "77"]
[EventDate "2022.11.04"]
[EventType "team-tourn"]
[EventRounds "11"]
[EventCountry "SRB"]
[SourceTitle "CBM 211 Extra"]
[Source "ChessBase"]
[SourceDate "2023.01.31"]
[SourceVersion "1"]
[SourceVersionDate "2023.01.31"]
[SourceQuality "1"]
[WhiteTeam "Mladenovo"]
[BlackTeam "Nova Pazova Mladost"]
[WhiteTeamCountry "SRB"]
[BlackTeamCountry "SRB"]

1. e4 c6 2. d4 d5 3. exd5 cxd5 4. c4 Nf6 5. Nc3 g6 6. Nf3 Bg7 7. cxd5 0-0 8. Bc4 Nbd7 9. d6 exd6 10. 0-0 Nb6 11. Bb3 d5 12. Ne5 Be6 13. Qf3 Nfd7 14. Bf4 Nxe5 15. Bxe5 Qd7 16. Rfe1 Nc4 17. Bxc4 dxc4 18. Ne4 Bf5 19. Nd6 b5 20. Qd5 a6 21. a4 Be6 22. Qe4 Bf5 23. Qf3 Bg4 24. Qa3 Bxe5 25. dxe5 Rab8 26. axb5 axb5 27. Ne4 Kg7 28. Qe3 Bf5 29. Red1 Qe7 30. Nd6 Be6 31. Ra7 Qh4 32. Qf3 b4 33. Qe3 Qh5 34. f3 Qh6 35. Qe4 Qg5 36. Nxc4 Bxc4 37. e6 Kg8 38. e7 Rfe8 39. h4 1/2-1/2

[Event "SRB-chT 2nd League"]
[Site "Vrnjacka Banja"]
[Date "2022.11.05"]
[Round "2.5"]
[White "Krejic, Igor"]
[Black "Gusev, Mikhail"]
[Result "1-0"]
[WhiteElo "2171"]
[BlackElo "1996"]
[PlyCount "63"]
[EventDate "2022.11.04"]
[EventType "team-tourn"]
[EventRounds "11"]
[EventCountry "SRB"]
[SourceTitle "CBM 211 Extra"]
[Source "ChessBase"]
[SourceDate "2023.01.31"]
[SourceVersion "1"]
[SourceVersionDate "2023.01.31"]
[SourceQuality "1"]
[WhiteTeam "Mladenovo"]
[BlackTeam "Pancevo Gligoric"]
[WhiteTeamCountry "SRB"]
[BlackTeamCountry "SRB"]

1. e4 c5 2. Nf3 e6 3. c3 d5 4. e5 d4 5. Bb5+ Bd7 6. a4 a6 7. Bxd7+ Nxd7 8. Na3 Ne7 9. Nc4 Ng6 10. a5 Qc7 11. Qe2 d3 12. Qe4 Rd8 13. h4 h5 14. 0-0 Be7 15. Ra3 Nb8 16. Re1 Nc6 17. g3 Rd5 18. b3 0-0 19. Bb2 f5 20. exf6 Rxf6 21. Ne3 Re5 22. Nxe5 Ncxe5 23. f4 Nf7 24. c4 Nd6 25. Qxd3 Nxf4 26. gxf4 Rxf4 27. Rf1 Rxh4 28. Qg6 Nf5 29. Qxe6+ Kh8 30. Be5 Bd6 31. Rxf5 Qc6 32. Qh6+ 1-0

[Event "Vojvodina-chT 21st"]
[Site "Backa Palanka"]
[Date "2021.10.23"]
[Round "1.5"]
[White "Stanojevic, Ilija"]
[Black "Krejic, Igor"]
[Result "0-1"]
[WhiteElo "2175"]
[BlackElo "2160"]
[PlyCount "128"]
[EventDate "2021.10.23"]
[EventType "team-tourn"]
[EventRounds "11"]
[EventCountry "SRB"]
[SourceTitle "CBM 204 Extra"]
[Source "ChessBase"]
[SourceDate "2021.11.30"]
[SourceVersion "1"]
[SourceVersionDate "2021.11.30"]
[SourceQuality "1"]
[WhiteTeam "Opovo Bata Cosic"]
[BlackTeam "Mladenovo"]
[WhiteTeamCountry "SRB"]
[BlackTeamCountry "SRB"]

1. c4 c6 2. Nc3 d5 3. cxd5 cxd5 4. d4 Nf6 5. Bf4 Nc6 6. e3 a6 7. Bd3 Qb6 8. a3 Bg4 9. Nf3 e6 10. Na4 Qd8 11. b4 Nh5 12. Bg3 Nxg3 13. hxg3 e5 14. dxe5 Nxe5 15. Be2 Nc6 16. Rc1 Be6 17. Nc5 Bxc5 18. Rxc5 0-0 19. Qc2 h6 20. 0-0 Qf6 21. Rd1 Rfd8 22. Nd4 Nxd4 23. Rxd4 Rac8 24. Bf3 Rxc5 25. bxc5 Qe7 26. e4 dxe4 27. Rxd8+ Qxd8 28. Qxe4 Bc8 29. Qb4 Qc7 30. Be4 Qd7 31. Bf3 Qc7 32. Qd4 Bd7 33. Kf1 Bb5+ 34. Be2 Bc6 35. Bd3 g6 36. Be4 Bxe4 37. Qxe4 Qxc5 38. Qxb7 Qxa3 39. Kg1 a5 40. Qb8+ Kh7 41. Qa7 Qa2 42. g4 a4 43. g5 hxg5 44. Qe3 a3 45. Qh3+ Kg7 46. Qc3+ f6 47. Qc7+ Qf7 48. Qa5 Qe6 49. Qc7+ Kf8 50. Qd8+ Kg7 51. Qc7+ Kg8 52. Qd8+ Kf7 53. Qc7+ Ke8 54. Qb8+ Kd7 55. Qb7+ Kd6 56. Qb6+ Ke5 57. Qe3+ Kd5 58. Qb3+ Kd6 59. Qb6+ Ke7 60. Qa7+ Kf8 61. Qb8+ Qe8 62. Qd6+ Qe7 63. Qb8+ Kg7 64. Qa8 Qe1+ 0-1